El cuerpo humano; el esqueleto /
Guardado en:
| Autor Principal: | |
|---|---|
| Formato: | Libro |
| Publicado: |
Buenos Aires :
Kapelusz,
1959
|
| Edición: | 6a. ed. |
| Materias: | |
| Etiquetas: |
Agregar Etiqueta
Sin Etiquetas, Sea el primero en etiquetar este registro!
|
| LEADER | 00528nam a22001935a 4500 | ||
|---|---|---|---|
| 001 | CEM.cems002502 | ||
| 005 | 20060221000000.0 | ||
| 008 | 130507s1959##################000#0#####d | ||
| 003 | CEMS | ||
| 082 | 0 | 4 | |a 611 |
| 100 | 1 | |a Fesquet, Alberto Enrique | |
| 245 | 1 | 0 | |a El cuerpo humano; el esqueleto / |
| 250 | |a 6a. ed. | ||
| 260 | |a Buenos Aires : |b Kapelusz, |c 1959 | ||
| 300 | |a 27 p. | ||
| 653 | |a Anatomia | ||
| 653 | |a Biologia 3er. año | ||
| 653 | |a Hombre-esqueleto | ||
| 859 | |a CEMS |b BIB. CEMS - 11 de abril |h 611 |i F441a6/III |p 10504.81 |t Ej.1 | ||
